<?xml version="1.0" encoding="UTF-8"?>
<record
    xmlns:xsi="http://www.w3.org/2001/XMLSchema-instance"
    xsi:schemaLocation="http://www.loc.gov/MARC21/slim http://www.loc.gov/standards/marcxml/schema/MARC21slim.xsd"
    xmlns="http://www.loc.gov/MARC21/slim">

  <leader>03634nam a2200565Ia 4500</leader>
  <controlfield tag="001">172</controlfield>
  <controlfield tag="008">241029s9999    xx            000 0 und d</controlfield>
  <datafield tag="010" ind1=" " ind2=" ">
    <subfield code="a">150</subfield>
  </datafield>
  <datafield tag="041" ind1=" " ind2=" ">
    <subfield code="a">Espa&#xF1;ol</subfield>
  </datafield>
  <datafield tag="082" ind1=" " ind2=" ">
    <subfield code="a">NO APLICA</subfield>
  </datafield>
  <datafield tag="245" ind1=" " ind2="0">
    <subfield code="a">Pertinencia de los servicios acad&#xE9;micos y administrativos que oferta la UASD Centro Nagua, en relaci&#xF3;n a las necesidades de los estudiantes, a&#xF1;o 2009 </subfield>
  </datafield>
  <datafield tag="260" ind1=" " ind2=" ">
    <subfield code="a">Mar&#xED;a Trinidad S&#xE1;nchez</subfield>
  </datafield>
  <datafield tag="300" ind1=" " ind2=" ">
    <subfield code="a">99</subfield>
  </datafield>
  <datafield tag="520" ind1=" " ind2=" ">
    <subfield code="a">26</subfield>
  </datafield>
  <datafield tag="630" ind1=" " ind2=" ">
    <subfield code="a">Administraci&#xF3;n Escolar</subfield>
  </datafield>
  <datafield tag="630" ind1=" " ind2=" ">
    <subfield code="a">Calidad</subfield>
  </datafield>
  <datafield tag="630" ind1=" " ind2=" ">
    <subfield code="a">Calidad Educativa</subfield>
  </datafield>
  <datafield tag="630" ind1=" " ind2=" ">
    <subfield code="a">Internos</subfield>
  </datafield>
  <datafield tag="630" ind1=" " ind2=" ">
    <subfield code="a">Mejora Continua</subfield>
  </datafield>
  <datafield tag="650" ind1=" " ind2=" ">
    <subfield code="a">Calidad Educativa</subfield>
  </datafield>
  <datafield tag="690" ind1=" " ind2=" ">
    <subfield code="a">Sintetizado</subfield>
  </datafield>
  <datafield tag="700" ind1=" " ind2=" ">
    <subfield code="e">asesor</subfield>
    <subfield code="a">Alm&#xE1;nzar, Amantina </subfield>
  </datafield>
  <datafield tag="700" ind1=" " ind2=" ">
    <subfield code="e">autor</subfield>
    <subfield code="a">Reynoso P&#xE9;rez, Geov&#xE1;n Emilio </subfield>
  </datafield>
  <datafield tag="901" ind1=" " ind2=" ">
    <subfield code="a">{"1":"Reynoso P&#xE9;rez"}</subfield>
    <subfield code="b">{"1":"Geov&#xE1;n Emilio "}</subfield>
  </datafield>
  <datafield tag="902" ind1=" " ind2=" ">
    <subfield code="a">1</subfield>
  </datafield>
  <datafield tag="903" ind1=" " ind2=" ">
    <subfield code="a">{"1":"Alm&#xE1;nzar"}</subfield>
    <subfield code="b">{"1":"Amantina "}</subfield>
  </datafield>
  <datafield tag="904" ind1=" " ind2=" ">
    <subfield code="a">Maestr&#xED;a en</subfield>
  </datafield>
  <datafield tag="905" ind1=" " ind2=" ">
    <subfield code="a">Ense&#xF1;anza Superior</subfield>
  </datafield>
  <datafield tag="906" ind1=" " ind2=" ">
    <subfield code="a">2</subfield>
  </datafield>
  <datafield tag="907" ind1=" " ind2=" ">
    <subfield code="a">NO APLICA</subfield>
  </datafield>
  <datafield tag="908" ind1=" " ind2=" ">
    <subfield code="a">NO APLICA</subfield>
  </datafield>
  <datafield tag="909" ind1=" " ind2=" ">
    <subfield code="a">Universidad Aut&#xF3;noma de Santo Domingo (UASD)</subfield>
  </datafield>
  <datafield tag="910" ind1=" " ind2=" ">
    <subfield code="a">NULL</subfield>
    <subfield code="b">NULL</subfield>
  </datafield>
  <datafield tag="911" ind1=" " ind2=" ">
    <subfield code="a">["1"]</subfield>
  </datafield>
  <datafield tag="912" ind1=" " ind2=" ">
    <subfield code="a">NO APLICA</subfield>
  </datafield>
  <datafield tag="913" ind1=" " ind2=" ">
    <subfield code="a">NULL</subfield>
  </datafield>
  <datafield tag="914" ind1=" " ind2=" ">
    <subfield code="a">03 de Febrero de 2014</subfield>
  </datafield>
  <datafield tag="915" ind1=" " ind2=" ">
    <subfield code="a">23/09/14 08:09</subfield>
  </datafield>
  <datafield tag="916" ind1=" " ind2=" ">
    <subfield code="a">NULL</subfield>
  </datafield>
  <datafield tag="917" ind1=" " ind2=" ">
    <subfield code="a">NULL</subfield>
  </datafield>
  <datafield tag="918" ind1=" " ind2=" ">
    <subfield code="a">NO APLICA</subfield>
  </datafield>
  <datafield tag="919" ind1=" " ind2=" ">
    <subfield code="a">["11","28","29","204","208"]</subfield>
  </datafield>
  <datafield tag="520" ind1=" " ind2=" ">
    <subfield code="a">El objetivo de este estudio fue determinar la pertinencia de los servicios acad&#xE9;micos y administrativos que oferta la UASD-Centro Nagua, &#xA0;en relaci&#xF3;n a las necesidades de los estudiantes, a&#xF1;o 2009. Adem&#xE1;s, Identificar las caracter&#xED;sticas sociodemogr&#xE1;ficas de la poblaci&#xF3;n objeto de estudio, as&#xED; como Identificar los servicios acad&#xE9;micos y administrativos que oferta &#xA0;la UASD Centro Nagua, Tambi&#xE9;n verificar las necesidades que presentan los estudiantes en cuanto a los servicios acad&#xE9;micos y administrativos e Indagar si los servicios acad&#xE9;micos y administrativos inciden en la calidad de los aprendizajes de los estudiantes.En el presente estudio se utilizaron distintas t&#xE9;cnicas las cuales sirvieron para la recolecci&#xF3;n de las informaciones, el an&#xE1;lisis y la interpretaci&#xF3;n de los resultados. Entre estas t&#xE9;cnicas fueron usadas: la observaci&#xF3;n directa y la aplicaci&#xF3;n de &#xA0;un cuestionario-encuesta. Esta investigaci&#xF3;n es de naturaleza descriptiva.Se concluy&#xF3; que: los estudiantes en su mayor&#xED;a son de sexo femenino, tienen edades comprendidas &#xA0;entre 15 y 20 a&#xF1;os, son solteros, viven en zona rural y cursan el cuarto semestre acad&#xE9;mico. En ese sentido, los servicio que reciben los estudiantes son, de registro y coordinaci&#xF3;n acad&#xE9;mica, orientaci&#xF3;n profesional, bienestar estudiantil.&#xA0;Tambi&#xE9;n, los servicios de: cafeter&#xED;a, caja, &#xA0;biblioteca, economato, cancha deportiva, educaci&#xF3;n f&#xED;sica y deportiva, as&#xED; como laboratorios y aulas confortables. Una minor&#xED;a de estudiantes consider&#xF3; que existen recursos did&#xE1;cticos y tecnol&#xF3;gicos, espacio de recreaci&#xF3;n, oferta curricular acorde con la demanda y unidad de admisiones. Un alto porcentaje dice tener muchas necesidades no resuelta por la Universidad.Se recomienda, crear un centro de recursos did&#xE1;cticos y tecnol&#xF3;gicos. Ampliar la oferta curricular acorde con la demanda de la sociedad, Dar a conocer las diferentes dependencias del Centro a los estudiantes de nuevo ingreso. Tambi&#xE9;n, &#xA0;mejorar los servicios de caja, biblioteca, m&#xE9;dico, cafeter&#xED;a, economato y estudiantil. Las aulas, los laboratorios y &#xA0;la calidad de la docencia.</subfield>
  </datafield>
  <datafield tag="921" ind1=" " ind2=" ">
    <subfield code="a">28</subfield>
  </datafield>
  <datafield tag="922" ind1=" " ind2=" ">
    <subfield code="a">28</subfield>
  </datafield>
  <datafield tag="923" ind1=" " ind2=" ">
    <subfield code="a">0</subfield>
  </datafield>
  <datafield tag="924" ind1=" " ind2=" ">
    <subfield code="a">NO APLICA</subfield>
  </datafield>
  <datafield tag="942" ind1=" " ind2=" ">
    <subfield code="c">Tesis</subfield>
  </datafield>
  <datafield tag="999" ind1=" " ind2=" ">
    <subfield code="c">150</subfield>
    <subfield code="d">150</subfield>
  </datafield>
</record>
